Caricamento...
Ecosystem Approach to Fisheries
| Autore principale: | |
|---|---|
| Altri autori: | |
| Natura: | Printed Book |
| Pubblicazione: |
UK
FAO CABI
2008
|
| LEADER | 00461nam a22001457a 4500 | ||
|---|---|---|---|
| 020 | |a 9781845934149 | ||
| 082 | |a 639.977 |b BIA EC | ||
| 100 | |a Bianchi, Gabriella | ||
| 245 | |a Ecosystem Approach to Fisheries | ||
| 260 | |a UK |b FAO CABI |c 2008 | ||
| 300 | |a 363p. |b HB | ||
| 700 | |a Skjoldal, Hein R | ||
| 942 | |c BK | ||
| 999 | |c 3905 |d 3905 | ||
| 952 | |0 0 |1 0 |4 0 |6 639_977000000000000_BIA_EC |7 0 |8 NFIC |9 4901 |a KUFOS |b KUFOS |c GEN |d 2016-05-27 |o 639.977 BIA EC |p 17414 |r 2016-05-27 |w 2016-05-27 |y BK | ||